00591 2200217 4500001002100000005001800021008004100039020001800080035002400098043001500122090001700137100001900154245005600173250001100229260002900240300002100269650002700290850001200317990002200329990002200351YOGYA-0111000000081620110127082712475 ind  a979-9481-18-X 0010-011100000000816 aYOPDYOG[B] a615.82 Cho Q aChopra, Deepak aQuantum HealingbPenyembuhan quantumcDeepak Chopra aCet. 1 aYogyakartabNuansac2002 a303 hlm.; 23 cm. aPenyakit - Penyembuhan aYOPDYOG a4868-BPAD/P.03b1 a4867-BPAD/P.03b1